| 000 | 01106nam a2200217Ia 4500 | ||
|---|---|---|---|
| 003 | Ost | ||
| 005 | 20260507075042.0 | ||
| 008 | 260507s9999||||xx |||||||||||||| ||und|| | ||
| 020 | _a9957112392 | ||
| 040 | _cfsecg | ||
| 041 | _aara | ||
| 082 | _a330 | ||
| 100 |
_aالحسناوي، أموري هادي كاظم _eمؤلف |
||
| 245 | 0 |
_aطرق القياس الاقتصادي / _c أموري هادي كاظم الحسناوي |
|
| 260 |
_aعمان: _bدار وائل للنشر, _c2002 |
||
| 300 |
_a433 صفحة؛ _bإيضاحات ؛ _c24 سم |
||
| 520 | _aطبيعة القياس الاقتصادي والنموذج الخطي البسيط(SLM)،النموذج الخطي العام(GLM)،المربعات الصغرى العامة ومشكلة الارتباط الذاتي، المربعات الصغرى المقيدة ومشكلة التعدد الخطي، منظومة المعادلات الآنية، التنبؤات، المربعات الصغرى الموزونة(WLS) ومشكلة عدم التجانس | ||
| 653 | _aالاقتصاد | ||
| 653 | _aالقياس | ||
| 942 | _cكتاب | ||
| 999 |
_c42519 _d42519 |
||